| 000 | 01362nam a2200337Ia 4500 | ||
|---|---|---|---|
| 001 | ebr10638826 | ||
| 003 | CaPaEBR | ||
| 006 | m u | ||
| 007 | cr cn||||||||| | ||
| 008 | 120521s2013 nyua sb 001 0 eng d | ||
| 010 | _z 2012020234 | ||
| 020 | _z9781441144133 (ebook) | ||
| 020 | _z9781441165527 (pbk. : alk. paper) | ||
| 020 | _z9781441183002 (hardcover : alk. paper) | ||
| 040 |
_aCaPaEBR _cCaPaEBR |
||
| 035 | _a(OCoLC)831448060 | ||
| 050 | 1 | 4 |
_aPN1992.8.S4 _bC53 2013eb |
| 100 | 1 |
_aClarke, M. J. _q(Michael Jordan), _d1979- |
|
| 245 | 1 | 0 |
_aTransmedia television _h[electronic resource] : _bnew trends in network serial production / _cM.J. Clarke. |
| 260 |
_aNew York : _bBloomsbury, _c2013. |
||
| 300 |
_a242 p. : _bill. |
||
| 504 | _aIncludes bibliographical references and index. | ||
| 533 |
_aElectronic reproduction. _bPalo Alto, Calif. : _cebrary, _d2013. _nAvailable via World Wide Web. _nAccess may be limited to ebrary affiliated libraries. |
||
| 650 | 0 | _aConvergence (Telecommunication) | |
| 650 | 0 | _aMass media. | |
| 650 | 0 |
_aTelevision series _zUnited States. |
|
| 650 | 0 |
_aTelevision _xSocial aspects _zUnited States. |
|
| 655 | 7 |
_aElectronic books. _2local |
|
| 710 | 2 | _aebrary, Inc. | |
| 856 | 4 | 0 |
_uhttp://site.ebrary.com/lib/rucke/Doc?id=10638826 _zAn electronic book accessible through the World Wide Web; click to view |
| 999 |
_c49416 _d49416 |
||